Statystyki dla Inazuma eleven sezon 1 - odcinki po polsku

Kliknij tutaj aby rozwiązać quiz!

Ogólne statystyki

  • Ten quiz został rozwiązany 145 razy
  • Średni wynik to 7 z 26

Statystyki odpowiedzi

PodpowiedźOdpowiedź% Poprawnych
Sezon 1 Odc 1Zagrajmy w piłkę
90%
Sezon 1 Odc 26Narodziny Majina
51%
Sezon 1 Odc 2Królewscy nadchodzą
43%
Sezon 1 Odc 3Strzał masakra
35%
Sezon 1 Odc 5Gdzie jest notes?
32%
Sezon 1 Odc 10Szpieg królewskich
30%
Sezon 1 Odc 17Decyzja Juda
28%
Sezon 1 Odc 8Przerażające cyborgi
28%
Sezon 1 Odc 18Zniszczyć niezniszczalny mur
28%
Sezon 1 Odc 22Boska ręka to nie wszystko
26%
Sezon 1 Odc 13Finał w akademii królewskiej
26%
Sezon 1 Odc 12Finał w akademii królewskiej
26%
Sezon 1 Odc 11Misja: znaleźć trenera!
26%
Sezon 1 Odc 6Oto zrzut inazumy!
26%
Sezon 1 Odc 7Pokaz nad rzeką
26%
Sezon 1 Odc 20Zabójczy trójkąt Z
23%
Sezon 1 Odc 25Bitwa finałowa
22%
Sezon 1 Odc 19Geniusz wraca do żywych
22%
Sezon 1 Odc 4Nadejście smoka
22%
Sezon 1 Odc 16Piłka nożna w stylu ninja
19%
Sezon 1 Odc 15Oto finały mistrzów!
17%
Sezon 1 Odc 9Willy nadchodzi!
17%
Sezon 1 Odc 23Nieziemski rywal
16%
Sezon 1 Odc 24Czas na obóz treningowy
9%
Sezon 1 Odc 14Legendarna 11
6%
Sezon 1 Odc 21Starcie z liceum Kirkwooda
4%

Rozkład punktacji

Percentyl według liczby udzielonych odpowiedzi

Procent ludzi z każdym wynikiem

Twoja historia wyników

Nie rozwiązałeś tego quizu